00383nam a2200133Ia 4500008004100000020001800041041001200059100001600071245007900087260004100166300001000207650001500217700001700232221030s9999 xx 000 0 und d a9789351610946 aEnglish aC. B. Gupta 0aEntrepreneurship & Small Business Managementcby C. B. Gupta, S. S. Khanka bSultan chand & SonsaNew Delhic2017 a25.14 aManagement aS. S. Khanka